<?xml version="1.0" encoding="UTF-8"?>
<collection xmlns="http://www.loc.gov/MARC21/slim">
 <record>
  <leader>00404pamaa2200145   4500</leader>
  <controlfield tag="001">0000018545</controlfield>
  <controlfield tag="005">20111020090000.0</controlfield>
  <datafield tag="090" ind1="0" ind2="0">
   <subfield code="a">DS596 </subfield>
   <subfield code="b">KEN 1993</subfield>
  </datafield>
  <datafield tag="100" ind1="1" ind2="0">
   <subfield code="a">Kennedy </subfield>
  </datafield>
  <datafield tag="245" ind1="1" ind2="2">
   <subfield code="a">A history of Malaya  </subfield>
   <subfield code="c">J. Kennedy.</subfield>
  </datafield>
  <datafield tag="250" ind1="0" ind2="0">
   <subfield code="a">3rd ed.</subfield>
  </datafield>
  <datafield tag="260" ind1="0" ind2="0">
   <subfield code="a">Kuala Lumpur: </subfield>
   <subfield code="b">S. Abdul Majeed &amp; Co., </subfield>
   <subfield code="c">1993.</subfield>
  </datafield>
  <datafield tag="300" ind1=" " ind2=" ">
   <subfield code="a">x, 385 p., 8 plates.: </subfield>
   <subfield code="b">illus., maps.; </subfield>
   <subfield code="c">23 cm.</subfield>
  </datafield>
  <datafield tag="504" ind1="0" ind2="0">
   <subfield code="a">Bibliography</subfield>
  </datafield>
  <datafield tag="650" ind1="0" ind2="0">
   <subfield code="a">Malaya -- </subfield>
   <subfield code="x">History </subfield>
  </datafield>
 </record>
</collection>
